000 00350nam a2200121Ia 4500
008 210430s9999 xx 000 0 und d
082 _a621.4022 W8727 I
100 _aKau Fui Vincent Wong
_952820
245 _aIntermediate Heat transfer
_cKau Fui Vincent Wong
260 _aNew York
_bMarcel Dekker,INC
_c2003
300 _a411p.
942 _cBK
_2ddc
999 _c562281
_d562281